LEADER 03249oam 2200817I 450 001 9910457715003321 005 20210111222038.0 010 $a1-135-77800-0 010 $a1-280-14037-2 010 $a0-203-98836-1 024 7 $a10.4324/9780203988367 035 $a(CKB)1000000000351373 035 $a(EBL)235218 035 $a(OCoLC)226376615 035 $a(SSID)ssj0000165415 035 $a(PQKBManifestationID)11153147 035 $a(PQKBTitleCode)TC0000165415 035 $a(PQKBWorkID)10142705 035 $a(PQKB)10020824 035 $a(MiAaPQ)EBC235218 035 $a(EXLCZ)991000000000351373 100 $a20180331d1996 uy 0 101 0 $aeng 135 $aur|n|---||||| 181 $ctxt 182 $cc 183 $acr 200 04$aThe Great powers and the end of the Ottoman Empire /$fedited by Marian Kent 205 $aSecond edition. 210 1$aLondon ;$aPortland, Or. :$cFrank Cass,$d1996. 215 $a1 online resource (250 p.) 300 $aDescription based upon print version of record. 311 $a1-138-14605-6 311 $a0-7146-4154-5 320 $aIncludes bibliographical references (pages [206]-216) and index. 327 $aBook Cover; Half-Title; Title; Copyright; Contents; Preface to the Second Edition; Preface; Introduction; 1 The Late Ottoman Empire; 2 The Habsburg Monarchy and the Ottoman Empire, 1900-18; 3 Italy and the End of the Ottoman Empire; 4 Russia and the End of the Ottoman Empire; 5 Germany and the End of the Ottoman Empire; 6 France and the End of the Ottoman Empire; 7 Great Britain and the End of the Ottoman Empire 1900-23; Bibliography; Index 330 $aHow far was the end of the Ottoman Empire the result of Great Power imperialism and how far the result of structural weaknesses within the Empire itself? These studies of the foreign policy of each of the Great Powers and the Ottoman Empire examine these fundamental issues. 606 $aEastern question (Balkan) 606 $aEastern question (Balkan) 606 $aEurope - Foreign relations - Turkey 606 $aGreat powers 606 $aGreat powers 606 $aTurkey - Foreign relations - Europe 606 $aEastern question (Balkan) 606 $aGreat powers 606 $aHistory & Archaeology$2HILCC 606 $aHistory - General$2HILCC 607 $aEurope$xForeign relations$zTurkey 607 $aTurkey$xForeign relations$zEurope 607 $aEurope$xForeign relations$y1871-1918 607 $aEurope$xForeign relations$y1918-1945 608 $aElectronic books. 615 4$aEastern question (Balkan). 615 4$aEastern question (Balkan). 615 4$aEurope - Foreign relations - Turkey. 615 4$aGreat powers. 615 4$aGreat powers. 615 4$aTurkey - Foreign relations - Europe. 615 0$aEastern question (Balkan) 615 0$aGreat powers 615 7$aHistory & Archaeology 615 7$aHistory - General 676 $a327.5604 701 $aKent$b Marian$0539741 801 0$bAU-PeEL 801 1$bAU-PeEL 801 2$bAU-PeEL 906 $aBOOK 912 $a9910457715003321 996 $aGreat powers and the end of the Ottoman Empire$9858224 997 $aUNINA LEADER 01691nas 2200457-- 450 001 9910339526903321 005 20241221111625.0 035 $a(CKB)954921335044 035 $a(CONSER)sf-78000510- 035 $a(MiFhGG)4030 035 $a(EXLCZ)99954921335044 100 $a20750806b19682000 -b- a 101 0 $aeng 181 $ctxt$2rdacontent 182 $cc$2rdamedia 183 $acr$2rdacarrier 200 00$aArkansas business and economic review 210 $a[Fayetteville]$c[Center for Business and Economic Research] 215 $a1 online resource 300 $aRefereed/Peer-reviewed 311 08$aPrint version: Arkansas business and economic review. (DLC)sf 78000510 (OCoLC)1514143 0004-1742 531 $aARKANSAS BUSINESS & ECONOMIC REVIEW 531 0 $aArk. bus. econ. rev. 606 $aAffaires$vPériodiques 606 $aÉconomie politique$vPériodiques 606 $aEconomic history$2fast$3(OCoLC)fst00901974 607 $aArkansas$xEconomic conditions$vPeriodicals 607 $aArkansas$xConditions économiques$vPériodiques 607 $aArkansas$2fast$1https://id.oclc.org/worldcat/entity/E39PBJqBtVCC6BXmQB84M8xv73 608 $aPeriodicals.$2fast 608 $aPeriodicals.$2lcgft 615 6$aAffaires 615 6$aÉconomie politique 615 7$aEconomic history. 712 02$aUniversity of Arkansas, Fayetteville.$bBureau of Business and Economic Research. 712 02$aUniversity of Arkansas, Fayetteville.$bIndustrial Research and Extension Center. 906 $aJOURNAL 912 $a9910339526903321 920 $aexl_impl conversion 996 $aArkansas business and economic review$92304653 997 $aUNINA